Quizzes
Events
Quiz Creation
Community
Videos
Private Events
Remove Ads
Sign In
Join for FREE
Feedback
Dark Mode
Quiz Categories
Sports
Geography
Music
Movies
Television
Just For Fun
Miscellaneous
History
Literature
Language
Science
Gaming
Entertainment
Religion
Holiday
For Kids
Quiz Lab
Recent
Popular Today
Quiz Kudos Today
Editor Picks
Curator Picks
Quizzes by...
Day
Popularity
Type
Ratings
Length
Year
Community
Subscriptions
Recent Discussions
Orange Saloon
Badges
Playlists
Quests
Create
Leaderboards
Showdown
Live 5
Trivia Bingo
Activity
Puzzle Library
Sporcle Events
Private Events
Virtual Trivia
Globe League
Become a Host
Pub Owners
SporcleCon
Opinionation
Our Games
Videos
Blog
Mobile Apps
Partnerships
Remove Ads and Go Orange
Feedback
Language
Vocabulary
Begins and Ends
Definition
Spanish
French
German
Italian
Chinese
Latin
Translation
Japanese
Language
Vocabulary
Begins and Ends
Definition
Spanish
French
German
Italian
Chinese
Latin
Translation
Japanese
Random Quiz
Search Sporcle
×
Quiz Lab
Quiz Lab
Language
Word Ladder
Type in answers that appear in a list
Type in answers that appear in a list
Classic
Best Score? Go Orange.
Word Ladder: The Penis Stats
Can you name the four-letter answers in this themed word ladder?
By
SporcleEXP
4m
59 Questions
3,217 Plays
3,217 Plays
3,217 Plays
Comments
Comments
Give Quiz Kudos
Give Quiz Kudos
-
- Ratings
hide this ad
Replay
Link that replays current quiz
Next Quiz
Link to next quiz in quiz playlist
You Got
0%
They Got
Avg Score
22%
Avg Friend Score
Upgrade to see
Score Distribution
Jump to the score distribution portion of the page
Score
0/59
Timer
04:00
2
Plays Today
Hint
4-letter answer
% Correct
**Coarse slang for penis**
DICK
86.9%
**Coarse slang for penis**
COCK
74.2%
Sum of money lent to someone
LOAN
50.7%
** _
_
Thomas, UK slang for penis**
JOHN
46.2%
Flesh of pig used as food
PORK
44.8%
First name of singers Jett and Baez
JOAN
43.4%
**Of a penis: erect, tumid**
HARD
41.1%
Explicit exhibition of sexual activity in films, books, etc.
PORN
40%
Crazy person, simpleton
LOON
36.2%
**Obsolete word for penis; machine in which yarn is woven into fabric**
LOOM
35.5%
Impending disaster or ruin
DOOM
34.1%
Room for sleeping in
DORM
34%
Artificial basin in which ships are loaded and unloaded
DOCK
32.1%
**Penis, in American English**
DORK
31.6%
**US slang for penis**
DONG
29.8%
Hogs
PIGS
28.2%
Second largest city in Ireland
CORK
27.8%
Lower limbs
LEGS
26.9%
Violent anger
RAGE
23.7%
Division of a whole
PART
23.5%
Ringing metallic sound
DING
23.4%
**Coarse slang for penis; unit of length**
YARD
21.5%
**US slang for penis (alternate spelling)**
WANG
21.1%
Tattered clothes
RAGS
20.9%
Central part
CORE
20.4%
Fibre prepared for use in weaving
YARN
19.9%
Dutch exotic dancer : Mata _
_
HARI
19.6%
**Coarse slang for an erect penis**
HORN
19%
Popular line of construction toys
LEGO
18.8%
Gone by
PAST
18.7%
Hint
4-letter answer
% Correct
Feel concern, interest, affection
CARE
18.4%
Unusual
RARE
17.7%
**Canadian slang for penis; derogatory term for a Vietnamese**
DINK
17.1%
**Slang for penis; underground railway system**
TUBE
16.3%
Forked devices to hold washing on a clothes line
PEGS
16.2%
**Penises; dodges, tricks**
RIGS
15.7%
Stake, pole
POST
13.2%
Substance used to make motion smooth, in colloquial speech
LUBE
12.7%
Offensive term for Maori people
HORI
12.6%
**Archaic slang for penis**
PEGO
12%
Pulls along, drags
LUGS
12%
Toboggan
LUGE
11.3%
Puzzled, bewildered
LOST
11.2%
Plunder, sack
LOOT
10.9%
Promiscuous woman; male prostitute
TART
10.6%
Occurrence of public disorder
RIOT
8.6%
Slender rod or thread of metal
WIRE
8.4%
Sensible, sagacious
WISE
8.3%
Cleft in the earth
RIFT
8.1%
Decline in importance, power, or intensity
WANE
8.1%
Tributary of the Garonne and French department
TARN
7.7%
**Coarse slang for penis**
ROOT
7.6%
Distinctive flavour or quality
TANG
7.3%
Widespread, prevalent
RIFE
6.8%
**Slang for an erection of the penis**
RISE
6.5%
Equus asinus (colloquial abbreviation)
DONK
6.5%
Ceramics
WARE
6%
Chinese secret society
TONG
5.6%
**Slang for penis and Australian term of abuse**
TONK
3.4%
Quiz Playlist
Details
Report
Send in Message
Add To Playlist
Classic:
Type in answers that appear in a list
Quiz Source
Last Updated: Feb 16, 2017
Quiz Scoreboard
CHALLENGE
Sign Up to Join the Scoreboard
Show All
Scores
Hide
Comments
May contain spoilers
Recently Published
College Basketball Coaching Resumes
by pancakes188
Sports
9m
Billboard Blitz: Fleetwood Mac
by CooCooCachoo
Music
15s
Presidents Visiting Landmarks
by Hejman
History
7m
More to Explore
Quiz From the Vault
Featured Blog Post
Where Did the Easter Bunny Come From?
hide this ad
You Might Also Like...
Tags
Word Ladder Quiz
4-letter
Today's Top Quizzes in Language
Browse Language
hide this ad
Today's Top Quizzes in Word Ladder
Browse Word Ladder
Top Contributed Quizzes in Language
1
1-10 Letter F Words III
2
1-10 Letter G Words III
3
Alphabetize! : 'As' words
4
1-10 Letter H Words III
5
Order Up: Top 10 Most Native Spoken Languages
6
One Thing in Common: Italy
7
1-10 Letter I Words III
8
1-10 Letter J Words III
9
Weisst du, aus welchen Sprachen diese Wörter stammen?
10
Celtic Nations in their Language
Explore More
Trending Topics
Harry Potter
Kpop
Disney
NBA
Marvel
Crossword
Anime
Song
Country
Pokémon
Puzzle
NFL
Soccer
WWE
The Office
hide this ad
More By:
SporcleEXP
Quiz
Plays
Rating
Category
Featured
Created
Harry Potter Deaths in Order Minefield
3,068,309
4.18
Literature
Jan 27, 2016
Sins, Dwarfs, and Spice Girls
847,273
4.42
Just For Fun
Apr 11, 2012
Ancient History Bunker
708,131
4.28
History
Jan 20, 2014
Movie Posters VI
679,014
4.37
Movies
Nov 12, 2010
Movie Posters VII
621,844
4.44
Movies
Apr 16, 2011
Go to Creator's Profile
Score Distribution
Quiz Creator Spotlight
SporcleEXP
Follow
Send a Message
Quizzes Created
-
Created Quiz Play Count
-
More By This Creator
Popular Quizzes Today
1
Find the US States - No Outlines Minefield
2
Find the Countries of Europe - No Outlines Minefield
3
The Countries of the World
4
Find the US States
5
Risky Map Clicking: Biggest States A-Z
6
US States
7
Popular People in 1961
8
Movies - When Are They Set?
More Language Quizzes
Blitz! Ends in ...VERY
Quiz Lab
Trending Quizzes
Risky Map Clicking: Least Populous States A-Z
1-10 Letter G Words
1-10 Letter F Words
Risky Map Clicking: Next State Alphabetically
Click the Washington State Counties! (Map)
Recently Updated
Leaping Animals
pecheneg
Reality TV Shows (A-Z)
bhenderson79
Rickey Henderson's Hall of Fame Teammates
pecheneg
Champions League XIs: Arsenal
pecheneg
Quick Pick: Celebrities in WWE's Hall of Fame
aduchscher
A-Z Keypad Blitz II
pecheneg
Multiple Oscar Actors
pecheneg
Mystery Phrase Blitz: Oscar 'Best Actors'
pecheneg
F. Scott Fitzgerald Novels
LTH
Pick 3 Villains
ddd62291
Trending Topics
Kpop
NBA
Marvel
Crossword
Disney
Anime
Harry Potter
Song
Pokémon
NFL
Puzzle
Country
Soccer
The Office
WWE
Your Account Isn't Verified!
In order to create a playlist on Sporcle, you need to verify the email address you used during registration. Go to your
Sporcle Settings
to finish the process.
Report this User
Report this user for behavior that violates our
Community Guidelines
.
Details:
Send Report
Go to the Sporcle.com Mobile Site →
Comments